000 00658nam a22002177a 4500
005 20150320160858.0
008 150320b xxu||||| |||| 00| 0 eng d
010 _aUR-8757
020 q _c280.00
035 _aU-7312
037 _bDBAD/Pub.
040 _aDPL
_bUrdu
082 _a840.8
100 _aکبير ا حمد جا ءسی
245 _aنقو ش جا و د ا ن
_bکبير ا حمد جا ءسی
246 _aNaqush-e-Jawadan
_bBYProf. Kabir Ahmad Jaeysi
260 _aAzamgarh U.P.
_bShababuddin
_c2013
270 _a18,Baradari, Raja Qeela Azamgarh
300 _a192ص
_b22Cm.(Pb.)
942 _2ddc
_cUR
_h840.8
_mک ب ی
999 _c92374
_d92374